| Поле | Название | Значение |
| |
Тип записи |
a |
| |
Библиографический уровень |
m |
| 001 |
Контрольный номер |
RU/REG73/CBS_GRAD/5869c9b883594fb4b53d3424c5b331b8 |
| 005 |
Дата корректировки |
20260212095423.3 |
| 010 |
Индекс ISBN |
__ |
| b |
Уточнения |
в пер. |
| 9 |
Тираж |
300 000 экз. |
| 100 |
Данные общей обработки |
__ |
| a |
Данные общей обработки |
20260212d1982 |||u0rusy0189 ca |
| 101 |
Язык документа |
0_ |
| a |
Язык текста |
rus |
| 102 |
Страна публикации |
__ |
| a |
Страна публикации |
RU |
| 105 |
Кодированные данные (монография) |
__ |
| a |
Кодированные данные (монография) |
y###z 000ay |
| 200 |
Заглавие и сведения об ответственности |
1_ |
| a |
Заглавие |
Т. 4 |
| i |
Наименование части |
Повести и рассказы; Гиперболоид инженера Гарина |
| g |
Последующие сведения об ответственности |
подготовка текста и комментарии А. Александровой, художник М. Шлосберг |
| 203 |
Вид содержания и тип средства |
__ |
| a |
Вид содержания |
Текст |
| b |
Характеристика содержания |
визуальный |
| c |
Тип средства |
непосредственный |
| 210 |
Выходные данные |
1_ |
| d |
Дата издания |
1983 |
| 215 |
Физическое описание |
__ |
| a |
Объем |
766 с. |
| 461 |
Уровень набора |
_0 |
| 1 |
|
700 1 |
| a |
|
Толстой Алексей Николаевич |
| 1 |
|
2001 |
| a |
|
Собрание сочинений |
| e |
|
в десяти томах |
| f |
|
Алексей Николаевич Толстой |
| v |
|
Т. 4 |
| 1 |
|
2101 |
| a |
|
Москва |
| c |
|
Художественная литература |
| d |
|
1982 - |
| 1 |
|
001RU/REG73/CBS_GRAD/e6857b8432e541e1b208a390b003cd4d |
| 1 |
|
203 |
| a |
|
Текст |
| b |
|
визуальный |
| c |
|
непосредственный |
| 1 |
|
215 |
| d |
|
21 см. |
| 702 |
Вторичная интеллектуальная ответственность |
_1 |
| a |
Фамилия |
Александрова |
| b |
Имя (инициалы) |
А. |
| 4 |
Код отношения |
220 |
| 4 |
Код отношения |
210 |
| 702 |
Вторичная интеллектуальная ответственность |
_1 |
| a |
Фамилия |
Шлосберг |
| b |
Имя (инициалы) |
М. |
| 4 |
Код отношения |
440 |
| 801 |
Источник записи |
_0 |
| a |
Страна |
RU |
| b |
Организация |
RuCBSGrad |
| c |
Дата составления |
20260212 |
| g |
Правила каталогизации |
RCR |
| 801 |
Источник записи |
_1 |
| a |
Страна |
RU |
| b |
Организация |
RuCBSGrad |
| c |
Дата составления |
20260212 |
| g |
Правила каталогизации |
RCR |
| 852 |
Данные о местонахождении |
__ |
| a |
Наименование организации |
МБУК ЦБС г. Димитровграда |
| 901 |
Тип документа |
__ |
| t |
Тип документа |
n |
| w |
Контрольный № источника |
RU/REG73/CBS_GRAD/e6857b8432e541e1b208a390b003cd4d |
| 909 |
Создатель записи |
__ |
| a |
Создатель записи |
Тенигина |
| b |
Дата создания записи |
20260212 |